Entry Nombre personal
001 - NÚMERO DE CONTROL
- campo de control: 29205
003 - IDENTIFICADOR DEL NÚMERO DE CONTROL
- campo de control: BNPHU
005 - FECHA Y HORA DE LA ÚLTIMA TRANSACCIÓN
- campo de control: 20240319112928.0
008 - DATOS DE LONGITUD FIJA
- campo de control de longitud fija: 200615|| aca||aabn | a|a d
010 ## - NÚMERO DE CONTROL DE LA BIBLIOTECA DEL CONGRESO
- Número de control de LC: n 96011910
040 ## - FUENTE DE LA CATALOGACIÓN
- Centro catalogador/agencia de origen: DO-SdBNP
- Lengua de catalogación: spa
- Centro/agencia transcriptor: BNPHU
- Normas de descripción: rda
100 1# - ENCABEZAMIENTO-NOMBRE DE PERSONA
- Nombre de persona: Martínez, Carlos T.,
- Fechas asociadas al nombre: 1945-
370 ## - LUGAR ASOCIADO
- Lugar de nacimiento: San FPedro Macorís (República Dominicana)
373 ## - GRUPO ASOCIADO
- Grupo asociado: Fundador de ACROARTE
374 ## - OCUPACIÓN
- Ocupación: Compositor, periodista y locutor. Nació en San Pedro de Macorís. Fundador de Acroarte, productor del programa radial Panorama farandulero y algo más.
- Ocupación: Compositor
- Ocupación: Periodista
- Ocupación: Locutor
- Ocupación: Escritor
375 ## - GÉNERO/SEXO
- Género/Sexo: Masculino
377 ## - LENGUA/LENGUAJE ASOCIADO
- Código del idioma: Español
400 1# - TRAZADO DE VÉASE--NOMBRE DE PERSONA
- Nombre de persona: Martínez, Carlos ,
670 ## - FUENTE DE DATOS ENCONTRADOS
- Cita de la fuente: Work cat.: (OSt)12137: Martínez, Carlos T., 1945-, Confesiones de una ninfómana /, 1999.
670 ## - FUENTE DE DATOS ENCONTRADOS
- Cita de la fuente: Grandes Dominicanos, 1995: |b t.p. (Carlos T. Martínez) cover flap (b. 1945 in San Pedro de Macorís)
- Información encontrada: (Carlos T. Martínez) solapa cubierta (n. 1945 en San Pedro de Macorís)
670 ## - FUENTE DE DATOS ENCONTRADOS
- Identificador Uniforme del Recurso: https://diccionario.funglode.org/autores/martinez-carlos-t/
